Handling constraints in combinatorial interaction testing in the presence of multi objective particle swarm and multithreading (Record no. 340865)
[ view plain ]
| 000 -LEADER | |
|---|---|
| fixed length control field | 00769nam a2200181Ia 4500 |
| 008 - FIXED-LENGTH DATA ELEMENTS--GENERAL INFORMATION | |
| fixed length control field | 170725s9999 xx 000 0 und d |
| 100 ## - MAIN ENTRY--PERSONAL NAME | |
| Personal name | Bestoun S. Ahmed |
| 245 ## - TITLE STATEMENT | |
| Title | Handling constraints in combinatorial interaction testing in the presence of multi objective particle swarm and multithreading |
| 245 ## - TITLE STATEMENT | |
| Statement of responsibility, etc | Bestoun S. Ahmed, Luca M. Gambardella, Wasif Afzal, Kamal Z. Zamli |
| 260 ## - PUBLICATION, DISTRIBUTION, ETC. (IMPRINT) | |
| Date of publication, distribution, etc | 2017 |
| 300 ## - PHYSICAL DESCRIPTION | |
| Extent | pages 20-36, June |
| 440 ## - SERIES STATEMENT/ADDED ENTRY--TITLE | |
| Title | Information and software technology |
| Volume number/sequential designation | 86: |
| 500 ## - GENERAL NOTE | |
| General note | CJ0031 |
| 650 ## - SUBJECT ADDED ENTRY--TOPICAL TERM | |
| Topical term or geographic name as entry element | Constrained combinatorial interaction |
| 650 ## - SUBJECT ADDED ENTRY--TOPICAL TERM | |
| Topical term or geographic name as entry element | Multi-objective particle swarm optimisation |
| 650 ## - SUBJECT ADDED ENTRY--TOPICAL TERM | |
| Topical term or geographic name as entry element | Search-based software engineering Search-based software engineering; Test case design techniques |
| 650 ## - SUBJECT ADDED ENTRY--TOPICAL TERM | |
| Topical term or geographic name as entry element | Test generation tools |
| Withdrawn status | Lost status | Damaged status | Home library | Current library | Date acquired | Total Checkouts | Date last seen | Price effective from | Koha item type |
|---|---|---|---|---|---|---|---|---|---|
| College Library | College Library | 07/25/2017 | 07/25/2017 | 07/25/2017 | Periodicals |